Statistics for 10 Smallest Capital Cities in Europe

Click here to take the quiz!

General Stats

  • This quiz has been taken 225 times
  • The average score is 8 of 10

Answer Stats

PopulationSmall capital city% Correct
826Vatican City
98%
4,493San Marino
95%
35,986Monaco
89%
76,420Luxembourg
88%
5,248Vaduz
86%
22,884Andorra la Vella
85%
6,444Valletta
83%
115,000Reykjavik
70%
141,854Podgorica
57%
121,631Bern
41%

Score Distribution

Percentile by Number Answered

Percent of People with Each Score

Your Score History

You have not taken this quiz